Paese dalla sua festa nazionale - Statistics

Statistiche generali
  • Questo quiz è stato fatto 56 volte
  • Il punteggio medio è 8 su 14
Statistiche sulle risposte
Data Festività Paese % Corretto
2 giugno Festa della Repubblica Italia
100%
14 luglio Festa della Federazione per la presa della Bastiglia Francia
98%
4 luglio Giorno dell'Indipendenza Stati Uniti
98%
27 aprile Festa della libertà (Fine dell'apartheid) Sudafrica
94%
1 ottobre Anniversario della costituzione della Repubblica Popolare Cina
76%
11 febbraio Anniversario della Rivoluzione Islamica Iran
70%
10 giugno Commemora la morte del poeta nazionale Luís de Camões Portogallo
68%
3 ottobre Giorno dell'unità che celebra la riunificazione del paese Germania
54%
12 ottobre Celebrazione della scoperta dell'America da parte di Colombo Spagna
44%
26 gennaio Sbarco della First Fleet nella Botany Bay Australia
38%
12 giugno Dichiarazione di sovranità dello stato nel 1990 Russia
22%
29 ottobre Giorno della dichiarazione della Repubblica del 1923 Turchia
14%
11 novembre Celebrazione dell'indipendenza dalle potenze straniere, nel 1918 Polonia
12%
26 ottobre Anniversario della dichiarazione di neutralità del 1955 Austria
10%
Nessun quiz corrispondente trovato
Distribuzione punteggi
Percentuale di utenti per punteggio
Percentile per numero di risposta
I tuoi punteggi nel tempo
Non hai fatto questo quiz